Estadística para administración y economía

Bibliographic Details
Main Authors: Lind, Douglas A., Mason, Robert D., Marchal, William G.
Format: Section = Libro
Language:Undetermined
Spanish
Published: México México 2001
Edition:3a.ed
Subjects:
LEADER 00816nam a2200289Ia 4500
008 240830s9999 xx 000 0 und d
020 |a 970-10-3361-2 
040 |a B-ESTELÍ- RUACS / 310 L742 
041 |a spa 
082 |a 310 L742  
100 1 |a Lind, Douglas A. 
100 1 |b  Mason, Robert D. 
100 1 |c  Marchal, William G. 
245 1 0 |a Estadística para administración y economía 
250 |a 3a.ed 
260 |a México  |b México  |c 2001 
300 |a 575 p. :il 
650 7 |a ESTADISTICA - ADMINISTRACION - ECONOMIA 
650 7 |b  DISTRIBUCION DE FRECUENCIA 
650 7 |c  MEDIDAS DE DISPERSION 
650 7 |d  PROBABILIDAD 
650 7 |e  PRUEBAS DE HIPOTESIS 
650 7 |f  ANÁLISIS DE VARIANZA 
650 7 |g  ANÁLISIS DE REGRESION. 
942 |c BK  |2 ddc 
991 |a TEXTO 
999 |c 10678